000 01218nam a2200361 a 4500
001 vtls000374455
003 NLI
005 20210602175621.0
008 110113s2009 enk e 001 0 eng d
020 _a9780415466110
_c£65.00
039 9 _a201702071202
_bsukantap
_y201101132301
_zVLOAD
040 _aNLI :
_beng
_cNLMARC21
041 0 _aeng
044 _aenk
082 0 4 _a427
_222
100 1 _aJenkins, Ennifer
_9555320
245 1 0 _aWorld english :
_ba resource book for students/
_cJennifer Jenkins
250 _a2nd ed.
260 _aLondon :
_bRoutledge,
_c2009
300 _axvi, 256 p.;
_c25 cm.
504 _aIncludes bibliographical references and index
650 0 _aEnglish language
_xVariation
_vEnglish speaking countries
_9555321
650 0 _aEnglish language
_xCommonwealth countries
_9555322
650 0 _aEnglish language
_xForeign countries
_9132717
887 _aBKM
901 _a563208
_b12.8.10
902 _aE/O 427 J 411
904 _aBKM
942 _2ddc
_cBKS
949 _AVIRTUAITEM
_D10012
_X100
_6 PUR000563208ENG
999 _aVIRTUA40
_c330077
_d330077
999 _aVTLSSORT0080*0200*0400*0410*0440*0820*1000*2450*2500*2600*3000*5040*6500*6501*6502*8520*9010*9020*9040*9490*9992